|
|
|
|
| LEADER |
00758cam a2200229 7i4500 |
| 001 |
0000051944 |
| 005 |
20200610090000.0 |
| 020 |
|
|
|a 0415145155 (pbk.)
|
| 020 |
|
|
|a 9780415145152 (pbk.)
|
| 090 |
0 |
0 |
|a TD174
|b .F39 1997
|
| 100 |
1 |
|
|a Farmer, Andrew
|
| 245 |
1 |
0 |
|a Managing environmental pollution
|c Andrew Farmer.
|
| 260 |
|
|
|a Abingdon, Oxon:
|b Routledge,
|c 1997.
|
| 300 |
|
|
|a xvii, 246 p.:
|b ill.;
|c 25 cm.
|
| 490 |
0 |
|
|a Routledge environmental management series
|
| 650 |
0 |
0 |
|a Environmental management
|
| 650 |
0 |
0 |
|a Pollution
|
| 650 |
0 |
0 |
|a Air --
|x Pollution --
|x Environmental aspects
|
| 650 |
0 |
0 |
|a Pollution control industry
|
| 997 |
|
|
|a Health Sciences, Faculty
|
| 998 |
|
|
|a Nursing, Diploma
|
| 999 |
|
|
|a 0000063826
|b BOK
|c OPEN SHELF
|e 1st Floor, Shah Alam
|